000
00287nam a2200109Ia 4500
008
220204s9999 xx 000 0 und d
082
_a
621.3(035)
_b
COH
100
_a
Cohen, Irving M
245
0
_a
Electrical estimating handbook
260
_a
New York
_b
Construction Pub
_c
1975
942
_c
BK
999
_c
27133
_d
27133